Orchesterstudien aus den symphonuschen werken für violine

Saved in:
Bibliographic Details
Main Author: Strauss, Richard (Author)
Format: Book
Language:German
Published: Frankfurt am Main C. F. Peters 1938
Series:Edition Peters, 4189a-4189b
Subjects:
Tags: Add Tag
No Tags, Be the first to tag this record!

MARC

LEADER 00000nam a2200000 a 4500
001 UCP5664
003 CL-VaPUC
008 990927e19380000GW |||||||||||||||||ger|d
082 0 4 |a 787.2193  |b STR  |2 21 
100 |a Strauss, Richard  |e author  |9 306383 
245 1 0 |a Orchesterstudien aus den symphonuschen werken für violine 
300 |a v 
942 |c BK 
945 |d 19990927 00:00:00  |a rbrito 
260 |a Frankfurt am Main  |b C. F. Peters  |c 1938 
650 0 |a Música para violín  |9 357613 
650 0 |a Violín  |v Partituras  |9 434157 
650 0 |a Violín  |x Estudio orquestal  |9 434158 
650 7 |a TECNICA DE EJECUCION  |2 CL-VaPUC  |9 325054 
583 |a last modification  |c 19990927 00:00:00  |k Rodrigo Vera 
490 0 |a Edition Peters, 4189a-4189b 
999 |c 283353  |d 283351 
952 |0 0  |1 0  |4 0  |6 787_219300000000000_STR_1938  |7 0  |8 F  |9 326414  |a BIBEDU  |b BIBEDU  |d 2019-11-20  |h v.1  |i 3560112  |o 787.2193 STR 1938  |p 3560112  |r 2023-11-22  |w 2019-11-20  |y BK_F  |k MUS 
952 |0 0  |1 0  |4 0  |6 787_219300000000000_STR_1938  |7 0  |8 F  |9 326415  |a BIBEDU  |b BIBEDU  |d 2019-11-20  |h v.2  |i 3560120  |o 787.2193 STR 1938  |p 3560120  |r 2023-11-22  |w 2019-11-20  |y BK_F  |k MUS